00758nam a2200217 a 450000100100000000500170001000800410002702000150006804000250008308200210010810000300012924500730015926000390023230000270027149000410029850400270033960000400036665000540040665100410046083000390050100002520120240302073950.0110211s2003 dr a 000 0bspa d a9945406019 aDO-SdBNPbspacBNPHU a923.27293bP645c1 aCassá, Roberto, d1948-10aPedro Alejandrino Pina :bel patriota incansable /cRoberto Cassá. aSanto Domingo :bTobogán,c2003. a59 p. :bil. ;c22 cm.1 aBiografías dominicanas Tobogán ; aBibliografía : p. 5914aPINA, PEDRO ALEJANDRINO,d1820-1870 4aPolíticoszRepública DominicanaxBiografías 4aRepública DominicanaxBiografías 0aBiografías dominicanas Tobogán